|
|
|
|
| LEADER |
00000nam0a2200000 4500 |
| 001 |
345184 |
| 005 |
20250429112253.0 |
| 010 |
|
|
|a 9785438709220
|
| 035 |
|
|
|a (RuTPU)RU\TPU\book\377017
|
| 090 |
|
|
|a 345184
|
| 100 |
|
|
|a 20200924d2020 m y0rusy50 ca
|
| 101 |
0 |
|
|a rus
|
| 102 |
|
|
|a RU
|
| 105 |
|
|
|a a j 001zy
|
| 200 |
1 |
|
|a Пособие для подготовки к вступительным испытаниям в магистратуру по направлению «Природообустройство и водопользование»
|f Национальный исследовательский Томский политехнический университет ; сост. Л. А. Строкова [и др.]
|
| 210 |
|
|
|a Томск
|c Изд-во ТПУ
|d 2020
|
| 215 |
|
|
|a 287 с.
|c ил.
|
| 320 |
|
|
|a Библиогр. в конце гл.
|
| 330 |
|
|
|a В пособии рассматриваются специальные знания гидрогеологической и инженерно-геологической направленности, которые широко используются не только при решении узкоспециальных задач, но являются и неотъемлемой частью практических любых крупномасштабных геолого-разведочных работ. Собран необходимый минимум теоретического материала из основных разделов учебной литературы, позволяющий не только систематизировать процесс подготовки к вступительным испытаниям в магистратуру, но и получить наиболее полное представление о характере заданий, предъявляемых абитуриентам.
|
| 606 |
1 |
|
|a Гидрология общая
|2 stltpush
|3 (RuTPU)RU\TPU\subj\6718
|9 34528
|
| 610 |
1 |
|
|a учебные пособия
|
| 610 |
1 |
|
|a инженерная геология
|
| 610 |
1 |
|
|a горные породы
|
| 610 |
1 |
|
|a геологические процессы
|
| 610 |
1 |
|
|a инженерно-геологические процессы
|
| 610 |
1 |
|
|a грунты
|
| 610 |
1 |
|
|a физические свойства
|
| 610 |
1 |
|
|a водные свойства
|
| 610 |
1 |
|
|a инженерно-геологические изыскания
|
| 610 |
1 |
|
|a вода
|
| 610 |
1 |
|
|a водный баланс
|
| 610 |
1 |
|
|a водный режим
|
| 610 |
1 |
|
|a метеорология
|
| 610 |
1 |
|
|a климатология
|
| 610 |
1 |
|
|a гидрогеология
|
| 610 |
1 |
|
|a подземные воды
|
| 610 |
1 |
|
|a гидрогеохимия
|
| 610 |
1 |
|
|a экогеохимия
|
| 610 |
1 |
|
|a природообустройство
|
| 610 |
1 |
|
|a природные ресурсы
|
| 610 |
1 |
|
|a природопользование
|
| 610 |
1 |
|
|a водные ресурсы
|
| 610 |
1 |
|
|a почвоведение
|
| 610 |
1 |
|
|a землеустройство
|
| 610 |
1 |
|
|a ландшафты
|
| 610 |
1 |
|
|a гидравлика
|
| 610 |
1 |
|
|a труды учёных ТПУ
|
| 675 |
|
|
|a 556(075.8)
|v 4
|
| 702 |
|
1 |
|a Строкова
|b Л. А.
|c геолог
|c профессор Томского политехнического университета, доктор геолого-минералогических наук
|f 1963-
|g Людмила Александровна
|3 (RuTPU)RU\TPU\pers\25433
|4 220
|9 11375
|
| 702 |
|
1 |
|a Решетько
|b М. В.
|c гидрогеолог
|c доцент Томского политехнического университета, кандидат географических наук
|f 1967-
|g Маргарита Викторовна
|3 (RuTPU)RU\TPU\pers\27930
|4 220
|9 12933
|
| 702 |
|
1 |
|a Кузеванов
|b К. И.
|c геолог
|c доцент Томского политехнического университета, кандидат геолого-минералогических наук
|f 1955-
|g Константин Иванович
|3 (RuTPU)RU\TPU\pers\26077
|4 220
|9 11915
|
| 702 |
|
1 |
|a Дутова
|b Е. М.
|c гидрогеолог
|c профессор Томского политехнического университета, доктор геолого-минералогических наук
|f 1956-
|g Екатерина Матвеевна
|3 (RuTPU)RU\TPU\pers\26078
|4 220
|9 11916
|
| 702 |
|
1 |
|a Гусева
|b Н. В.
|c гидрогеолог
|c профессор Томского политехнического университета, доктор геолого-минералогических наук
|f 1984-
|g Наталья Владимировна
|3 (RuTPU)RU\TPU\pers\27100
|4 220
|9 12650
|
| 702 |
|
1 |
|a Пасечник
|b Е. Ю.
|c гидрогеолог
|c доцент Томского политехнического университета, кандидат геолого-минералогических наук
|f 1983-
|g Елена Юрьевна
|3 (RuTPU)RU\TPU\pers\26083
|4 220
|9 11917
|
| 702 |
|
1 |
|a Наливайко
|b Н. Г.
|c гидрогеолог
|c доцент Томского политехнического университета, кандидат геолого-минералогических наук
|f 1946-
|g Нина Григорьевна
|3 (RuTPU)RU\TPU\pers\26084
|4 220
|
| 702 |
|
1 |
|a Савичев
|b О. Г.
|c геолог
|c профессор Томского политехнического университета, доктор географических наук
|f 1967-
|g Олег Геннадьевич
|3 (RuTPU)RU\TPU\pers\25454
|4 220
|9 11394
|
| 702 |
|
1 |
|a Солдатова
|b Е. А.
|c гидрогеолог
|c доцент Томского политехнического университета, кандидат наук
|f 1989-
|g Евгения Александровна
|3 (RuTPU)RU\TPU\pers\32042
|4 220
|
| 712 |
0 |
2 |
|a Национальный исследовательский Томский политехнический университет
|c (2009- )
|3 (RuTPU)RU\TPU\col\15902
|9 26305
|
| 801 |
|
1 |
|a RU
|b 63413507
|c 20200924
|
| 801 |
|
2 |
|a RU
|b 63413507
|c 20201111
|g RCR
|
| 850 |
|
|
|a 63413507
|
| 942 |
|
|
|c BK
|